000 00844nam a22002657a 4500
003 CHAP
005 20220329134856.0
008 971013s1978 r 00010 d
010 _a27339
011 _a28311
035 _a32414
040 _cCHAP
090 _aFolleto 10351
110 _aInstituto Nacional de Inseminación Artificial y Reproducción Animal. México
_959311
245 _aCatálogo de sementales de ganado lechero
260 _aMéxico, D.F. :
_bEl Instituto,
_c1978
300 _a20 p.
_b: ilus
590 _aBATCH-UPD
_b10
_c20130110
_lUCH01
_h1312
590 _aCONVERSION
_b10
_c20130109
_lUCH01
_h1316
650 1 4 _aGanado lechero
_xRazas.
_945292
901 _aBK
942 _cFOLL
949 _aFolleto 10351
_bBC
_cFOLL
_d-75428
_eTS1
_i32414
_mD
_si
949 _aFolleto 10351
_bBC
_cFOLL
_d-75429
_eTS2
_fc.2
_i32414
_mD
_si
999 _c27339
_d27339